| 000 | 00961cam a2200301 4500 | ||
|---|---|---|---|
| 999 |
_c28868 _d28839 |
||
| 001 | 4574230 | ||
| 003 | EG-ScBUE | ||
| 005 | 20200928114555.0 | ||
| 008 | 740808s1974 enka f b 000 0 eng d | ||
| 020 | _a0091168910 (pbk.) | ||
| 040 |
_aDLC _beng _erda _cDLC _dDLC _dEG-ScBUE |
||
| 082 | 0 | 4 |
_a309.262 _bROB _222 |
| 100 | 1 |
_aRoberts, Margaret, _eauthor. |
|
| 245 | 1 | 3 |
_aAn introduction to town planning techniques / _cMargaret Roberts. |
| 264 | 1 |
_aLondon : _bHutchinson Educational Ltd, _c1974. |
|
| 300 |
_avii, 406 pages : _billustrations ; _c23 cm. |
||
| 336 |
_2rdacontent _atext _btxt |
||
| 337 |
_2rdamedia _aunmediated _bn |
||
| 338 |
_2rdacarrier _avolume _bnc |
||
| 350 | _a£3.50 | ||
| 490 | 0 | _aThe built environment | |
| 504 | _aIncludes bibliographical references. | ||
| 650 | 7 |
_aCity planning. _2BUEsh |
|
| 653 |
_bGGEN _cSeptember2020 |
||
| 655 |
_vReading book _934232 |
||
| 906 |
_a7 _bcbc _corignew _d3 _encip _f19 _gy-gencatlg |
||
| 942 |
_2ddc _cBB |
||